| 000 | 00676nam a22001697a 4500 | ||
|---|---|---|---|
| 008 | 150922b xxu||||| |||| 00| 0 eng d | ||
| 020 | _a9780814139776 | ||
| 050 | _aPE 69 .A47.N67 1999 | ||
| 100 | _aStephen, North M. | ||
| 245 |
_aRefiguring the Ph.D. in English Studies. _bWriting,Doctoral Education, and the Fusion-Based Curriculum. _cNorth, Stephen M. |
||
| 260 |
_aUSA _bnational Council of Teachers of E _c1999 |
||
| 300 |
_axix,319p;ill _bIncludes Bibliographical references and index. |
||
| 600 | _2English philology-Study and teaching | ||
| 700 | _aChepaitis, Barbara A. | ||
| 700 | _aCoogan, David | ||
| 942 |
_2lcc _cBOOKS _hPE 69 .A47.N67 1999 |
||
| 999 |
_c6124 _d6124 |
||